Sports Quiz

Random Sports or Soccer Quiz
Score 0/50 Timer 12:00
3 Plays Today
Capacity Stadium % Correct
90,000Wembley Stadium
95.6%
99,354Camp Nou
94.8%
75,811Old Trafford
87.6%
80,018San Siro
82.6%
81,044Estadio Santiago Bernabeu
81.6%
54,074Anfield
76.9%
60,361Emirates Stadium
76.6%
60,000London Stadium
72.9%
75,000Allianz Arena
72.1%
55,000Etihad Stadium
71%
72,698Stadio Olimpico
64.7%
62,062Tottenham Hotspur Stadium
59.8%
74,648Olympiastadion
59.6%
59,186Parc Olympique Lyonnais
57.8%
52,339St James' Park
57.6%
80,000Stade de France
56.6%
68,700Baku Olympic Stadium
55.9%
74,500Millennium Stadium
55.4%
60,500Celtic Park
53.7%
81,359Signal Iduna Park
50.8%
64,400Estádio da Luz
50.5%
69,918Olympiakó Stádio Spiros Louis
49.4%
60,000Estadio de la Cartuja
49.4%
70,050Olimpiyskiy National Sports Complex
49.2%
53,052Johan Cruijff ArenA
47.2%
Capacity Stadium % Correct
68,000Wanda Metropolitano
37.7%
52,000Hampden Park
37.4%
55,000Estadi de Mestalla
36.9%
67,000Stade Vélodrome
36%
81,006Luzhniki Stadium
26%
61,673Veltins-Arena
23.7%
76,092Atatürk Olympic Stadium
23.3%
51,295İzmir Atatürk Stadyumu
23.3%
60,240Stadio San Paolo
20.6%
53,000Estadio San Mamés
18.9%
60,441Mercedes-Benz Arena
15.2%
52,187Donbass Arena
15.2%
54,047Borussia-Park
13.1%
58,145Stadion Narodowy
12.7%
54,139Dinamo Arena
12.7%
56,196Gazprom Arena
11.9%
55,634Arena Națională
11.4%
52,650Türk Telekom Arena
9.2%
53,000Red Star Stadium
9.1%
57,000Volksparkstadion
8.6%
51,500Commerzbank-Arena
7.9%
58,270Stadio San Nicola
7.7%
60,720Estadio Benito Villamarín
6.3%
54,600Esprit Arena
4.6%
53,849Hrazdan Stadium
1.4%

You're not logged in!

Compare scores with friends on all Sporcle quizzes.
OR
Log In

Sporcle TV

Today on Sporcle TV


Watch our educational content, quiz creation guides, and fun videos on Sporcle TV.

Show Comments

Extras

Top Quizzes Today


Score Distribution

Paid Content

Your Account Isn't Verified!

In order to create a playlist on Sporcle, you need to verify the email address you used during registration. Go to your Sporcle Settings to finish the process.

Report this User

Report this user for behavior that violates our Community Guidelines.

Details: